| 000 | 00858nam a2200217 i 4500 | ||
|---|---|---|---|
| 001 | 186983 | ||
| 003 | SpMaBN | ||
| 005 | 20250307114551.0 | ||
| 008 | 170321s1941 sp ac |||| |dspa d | ||
| 080 | _a821.131.1-13"12" | ||
| 100 | 0 |
_aDante Alighieri, _d1265-1321 _942657 |
|
| 245 | 1 | 3 |
_aLa divina comedia / _cDante Alighieri ; con notas de Paolo Costa adicionadas ; traducida al castellano por Manuel Aranda y Sanjuán. |
| 250 |
_a13ª ed. _bilustrada con 79 láminas de Gustavo Doré. |
||
| 260 |
_aBarcelona : _bMaucci, _c1941. |
||
| 300 |
_a606 p. : _bil., 1 retr. ; _c21 cm. |
||
| 700 | 1 |
_aCosta, Paolo. _941073 |
|
| 700 | 1 |
_aAranda y Sanjuán, Manuel, _d1845-1900 _922295 |
|
| 700 | 1 |
_aDoré, Gustave. _945388 |
|
| 852 |
_aES-MaACL _jL-31301 _z. - Donat. herederos de la bibl. de Mª del Pilar Costa Palacín |
||
| 999 |
_c186983 _d186983 |
||